000 00443nam a2200169Ia 4500
003 GCL
008 140319s9999 xx 000 0 eng d
040 _aGCL /
_cGCL
082 0 4 _a860
_bU D
100 1 _aUNAMUNO, MIGUEL
245 1 0 _aDEL SENTIMIENTO TRAGICO DE LA VIDA /
_cUNAMUNO, MIGUEL
260 _a[S.N] :
_bA LIANZA EDITORIAL ،
_c1986
300 _a295 P
650 0 4 _aLITERATURE
650 0 4 _aSPANISH LITERATURE
942 _2ddc
_cBK
999 _c23616
_d23616